[Event "Wch U14"]
[Site "Montesilvano"]
[Date "2023.11.22"]
[Round "9"]
[White "Schuricht, Emil Frederick"]
[Black "Zienkiewicz, Jan"]
[Result "1-0"]
[WhiteElo "1998"]
[BlackElo "2296"]
[PlyCount "61"]
[EventDate "2023.11.13"]
[EventType "swiss"]
[EventRounds "11"]
[EventCountry "ITA"]
[SourceTitle "CB48_2023"]
[SourceDate "2023.11.29"]
[SourceVersion "1"]
[SourceVersionDate "2023.11.29"]
[SourceQuality "1"]

1. d4 Nf6 2. c4 e6 3. Nc3 Bb4 4. Qc2 d6 5. a3 Bxc3+ 6. Qxc3 0-0 7. Bg5 Nbd7 8. Nf3 b6 9. Nd2 Bb7 10. e3 c5 11. dxc5 bxc5 12. Bd3 Rc8 13. 0-0 d5 14. cxd5 exd5 15. Bf5 Rc6 16. Bxd7 Qxd7 17. Bxf6 Rxf6 18. Qxc5 d4 19. exd4 Rc8 20. Qe5 Re8 21. Qc5 Re2 22. Rae1 Rxd2 23. Qc7 Bc8 24. Re7 Rfxf2 25. Rxd7 Rxg2+ 26. Kh1 Rxh2+ 27. Qxh2 Rxh2+ 28. Kxh2 Bxd7 29. Rc1 a5 30. Rc7 Be8 31. d5 1-0

[Event "Dieren op"]
[Site "Dieren"]
[Date "2023.07.25"]
[Round "1"]
[White "Schuricht, Emil Frederick"]
[Black "Baselmans, Luuk"]
[Result "1-0"]
[WhiteElo "2018"]
[BlackElo "2338"]
[PlyCount "101"]
[EventDate "2023.07.25"]
[EventType "swiss"]
[EventRounds "9"]
[EventCountry "NED"]
[SourceTitle "CBM 215 Extra"]
[Source "ChessBase"]
[SourceDate "2023.09.30"]
[SourceVersion "1"]
[SourceVersionDate "2023.09.30"]
[SourceQuality "1"]

1. d4 Nf6 2. c4 e6 3. Nc3 Bb4 4. Qc2 0-0 5. a3 Bxc3+ 6. Qxc3 b6 7. Bg5 Bb7 8. f3 h6 9. Bh4 d6 10. e3 Nbd7 11. Bd3 Qe7 12. Ne2 e5 13. 0-0 e4 14. Bxe4 Bxe4 15. fxe4 g5 16. e5 dxe5 17. Bg3 Ne4 18. Qd3 exd4 19. exd4 Rae8 20. Rae1 f5 21. Nc3 Qh7 22. Bxc7 Nxc3 23. bxc3 Rxe1 24. Rxe1 Nc5 25. dxc5 Qxc7 26. Qd5+ Kg7 27. c6 Rf7 28. Re6 f4 29. Rd6 Qe7 30. Re6 Qc5+ 31. Qxc5 bxc5 32. Kf2 h5 33. Rd6 Re7 34. Rd7 Kf6 35. Rxe7 Kxe7 36. Kf3 Kd6 37. Ke4 Kxc6 38. Kf5 h4 39. h3 Kb6 40. Kxg5 Ka5 41. Kxh4 Ka4 42. Kg4 Kxa3 43. h4 a5 44. h5 a4 45. h6 Kb2 46. h7 a3 47. h8Q a2 48. Qb8+ Ka1 49. Qb3 f3 50. Qc2 fxg2 51. Qc1# 1-0

[Event "GER-ch U14"]
[Site "Willingen"]
[Date "2023.06.02"]
[Round "8"]
[White "Schuricht, Emil Frederick"]
[Black "Haug, Havard"]
[Result "1/2-1/2"]
[WhiteElo "1888"]
[BlackElo "2202"]
[PlyCount "66"]
[EventDate "2023.05.27"]
[EventType "swiss"]
[EventRounds "9"]
[EventCountry "GER"]
[SourceTitle "CBM 214 Extra"]
[Source "ChessBase"]
[SourceDate "2023.07.31"]
[SourceVersion "1"]
[SourceVersionDate "2023.07.31"]
[SourceQuality "1"]

1. d4 d5 2. c4 e6 3. Nc3 c5 4. cxd5 exd5 5. Nf3 Nf6 6. g3 Nc6 7. Bg2 Be7 8. 0-0 0-0 9. Bg5 c4 10. Ne5 Be6 11. Nxc6 bxc6 12. b3 h6 13. Bf4 Qa5 14. Qc2 Bb4 15. Rfc1 Bf5 16. Qxf5 Bxc3 17. Bc7 Qxc7 18. Rxc3 Qa5 19. Qc2 cxb3 20. Rxb3 Rfc8 21. Rab1 Qa4 22. e3 Rab8 23. Qc3 Rxb3 24. axb3 Qa2 25. Qb2 Qxb2 26. Rxb2 Rb8 27. Kf1 a5 28. Ke2 a4 29. Kd2 axb3 30. Kc3 Kf8 31. f3 Re8 32. Re2 Rb8 33. Rb2 Re8 1/2-1/2

[Event "GER-ch U14"]
[Site "Willingen"]
[Date "2023.05.31"]
[Round "6"]
[White "Schuricht, Emil Frederick"]
[Black "Tuerel, Tugrul"]
[Result "1-0"]
[WhiteElo "1888"]
[BlackElo "1855"]
[PlyCount "120"]
[EventDate "2023.05.27"]
[EventType "swiss"]
[EventRounds "9"]
[EventCountry "GER"]
[SourceTitle "CBM 214 Extra"]
[Source "ChessBase"]
[SourceDate "2023.07.31"]
[SourceVersion "1"]
[SourceVersionDate "2023.07.31"]
[SourceQuality "1"]

1. d4 d5 2. c4 c6 3. cxd5 cxd5 4. Nc3 Nf6 5. Bf4 Nc6 6. e3 Bf5 7. Nf3 e6 8. Qb3 Bb4 9. Bb5 0-0 10. Bxc6 Bxc3+ 11. Qxc3 Ne4 12. Qa3 bxc6 13. Ne5 g5 14. Bg3 c5 15. f3 Nxg3 16. hxg3 f6 17. Nd3 cxd4 18. g4 Bxd3 19. Qxd3 Qa5+ 20. Kf1 Rf7 21. exd4 Rb8 22. b3 Rc8 23. Kf2 Rc3 24. Qe2 Qb6 25. Rhd1 Rfc7 26. Kf1 Qd6 27. Kg1 Kf7 28. Rd3 Qf4 29. Re1 R3c6 30. Kh1 Kg7 31. Rd2 Rc3 32. Red1 Re3 33. Qf2 Rec3 34. Qe2 Re3 35. Qf2 Rcc3 36. Re2 Rxe2 37. Qxe2 Kf7 38. Qb5 Rc7 39. Qd3 Kg7 40. Re1 h5 41. Qe2 hxg4 42. fxg4 Rc6 43. Rd1 e5 44. dxe5 fxe5 45. Kg1 d4 46. Re1 Rc5 47. b4 Rc1 48. Rxc1 Qxc1+ 49. Kh2 Qf4+ 50. g3 Qf6 51. Kg1 Qe6 52. Qe4 Kh6 53. Qf5 Qxf5 54. gxf5 g4 55. b5 Kg5 56. a4 Kxf5 57. a5 Ke6 58. b6 axb6 59. a6 d3 60. Kf1 Kd5 1-0

[Event "GER-ch U14"]
[Site "Willingen"]
[Date "2023.05.30"]
[Round "4"]
[White "Schuricht, Emil Frederick"]
[Black "Ermitsch, Magnus"]
[Result "1/2-1/2"]
[WhiteElo "1888"]
[BlackElo "2275"]
[PlyCount "96"]
[EventDate "2023.05.27"]
[EventType "swiss"]
[EventRounds "9"]
[EventCountry "GER"]
[SourceTitle "CBM 214 Extra"]
[Source "ChessBase"]
[SourceDate "2023.07.31"]
[SourceVersion "1"]
[SourceVersionDate "2023.07.31"]
[SourceQuality "1"]

1. d4 d5 2. c4 c6 3. cxd5 cxd5 4. Nc3 Nf6 5. Bf4 Nc6 6. e3 Bf5 7. Nf3 e6 8. Qb3 Bb4 9. Bb5 0-0 10. Bxc6 Bxc3+ 11. Qxc3 Ne4 12. Qa3 bxc6 13. Ne5 Rc8 14. Rc1 c5 15. dxc5 f6 16. Nf3 e5 17. Bg3 Bg4 18. 0-0 Qd7 19. b4 Bxf3 20. gxf3 Nd2 21. Rfd1 Nxf3+ 22. Kg2 Ng5 23. Qd3 Rfd8 24. b5 h5 25. Kh1 Qg4 26. b6 h4 27. Bxh4 Qxh4 28. b7 Qg4 29. bxc8Q Qxc8 30. Qf1 Qc6 31. Qg2 e4 32. Rd2 Nf3 33. Rb2 d4 34. exd4 Rxd4 35. Rb8+ Kf7 36. Qh3 e3 37. Rc8 Qd5 38. Rc7+ Kg8 39. Rc8+ Kf7 40. Rc7+ Kg6 41. Qg2+ Kh6 42. Rd7 Qxd7 43. Qxf3 exf2 44. c6 Qg4 45. Qxf2 Rd1+ 46. Rxd1 Qxd1+ 47. Kg2 Qg4+ 48. Qg3 Qe2+ 1/2-1/2

[Event "Krefeld op"]
[Site "Krefeld"]
[Date "2022.08.05"]
[Round "2"]
[White "Schuricht, Emil Frederick"]
[Black "Huesmann, Thomas"]
[Result "1/2-1/2"]
[WhiteElo "1569"]
[BlackElo "2193"]
[PlyCount "64"]
[EventDate "2022.08.04"]
[EventType "swiss"]
[EventRounds "9"]
[EventCountry "GER"]
[SourceTitle "CBM 209 Extra"]
[Source "ChessBase"]
[SourceDate "2022.09.30"]
[SourceVersion "1"]
[SourceVersionDate "2022.09.30"]
[SourceQuality "1"]

1. d4 f5 2. g3 Nf6 3. Bg2 e6 4. Nf3 d5 5. 0-0 Bd6 6. c4 c6 7. b3 Qe7 8. a4 a5 9. Ba3 Na6 10. Bxd6 Qxd6 11. Nc3 0-0 12. Ne5 Nb4 13. Qd2 Nd7 14. f4 Nxe5 15. fxe5 Qe7 16. g4 g6 17. gxf5 gxf5 18. cxd5 exd5 19. Rf3 Be6 20. Raf1 Rf7 21. Bh3 Raf8 22. Kh1 Qh4 23. Qf4 Qxf4 24. Rxf4 b6 25. Nd1 Nc2 26. R1f2 c5 27. e3 Nb4 28. R4f3 Nd3 29. Rd2 Nc1 30. Rb2 Nd3 31. Rd2 Nc1 32. Rb2 Nd3 1/2-1/2

[Event "GER-ch U12"]
[Site "Willingen"]
[Date "2021.08.29"]
[Round "9"]
[White "Aniol, Nico"]
[Black "Schuricht, Emil Frederick"]
[Result "1/2-1/2"]
[WhiteElo "1448"]
[BlackElo "1422"]
[PlyCount "66"]
[EventDate "2021.08.22"]
[EventType "swiss"]
[EventRounds "9"]
[EventCountry "GER"]
[SourceTitle "EXT 2022"]
[Source "ChessBase"]
[SourceDate "2021.10.06"]
[SourceVersion "1"]
[SourceVersionDate "2021.10.06"]
[SourceQuality "1"]

1. Nf3 Nf6 2. g3 g6 3. Bg2 Bg7 4. 0-0 0-0 5. d3 d6 6. e4 c5 7. Nc3 Nc6 8. h3 Rb8 9. a4 a6 10. Be3 b5 11. axb5 axb5 12. Nd2 b4 13. Ne2 Nd7 14. c3 Bb7 15. Qc2 Nb6 16. f4 Qc7 17. d4 cxd4 18. cxd4 Rfc8 19. Rfc1 Qd8 20. Qd1 e6 21. Kh2 Ra8 22. Rxa8 Rxa8 23. Qb3 d5 24. exd5 Nxd5 25. Bxd5 Qxd5 26. Qxd5 exd5 27. Kg2 f6 28. Nb3 Bf8 29. Nc5 Bxc5 30. Rxc5 Ra2 31. Rc2 Na5 32. Nc1 b3 33. Rf2 Nc4 1/2-1/2